| 000 | 00817nac a22002291u 4500 | ||
|---|---|---|---|
| 010 | _a98011966 | ||
| 020 | _a038798495X (alk. paper) | ||
| 082 | 0 | 0 |
_a681.2 _bB9774 |
| 090 |
_c893 _d893 |
||
| 100 | _aBusch-Vishniac, Ilene | ||
| 245 | 1 | 0 |
_aElectromechanical sensors and actuators / _cIlene J. Busch-Vishniac. |
| 260 |
_aNew York : _bSpringer, _cc1999. |
||
| 300 |
_axvi, 341 p. : _bill. ; _c24 cm. |
||
| 490 | 0 | _aMechanical engineering series | |
| 504 | _aIncludes bibliographical references and index. | ||
| 650 | 0 | _aTransducers. | |
| 650 | 0 | _aDetectors. | |
| 650 | 0 | _aActuators. | |
| 830 | 0 | _aMechanical engineering series (Berlin, Germany) | |
| 942 |
_cBB _k681.2B9774 |
||
| 999 |
_c893 _d893 |
||